000 01336nam a2200313Ia 4500
005 20210727153028.0
008 121119s2001 sp a gr 000 j spa
020 _a8477023123
041 1 _aspa
100 1 _aMilne, Alan Alexander
245 1 0 _aHistorias de Winny de Puh : Winny de Puh ; El rincón de Puh
_cA. A. Milne ; ilustraciones de Ernest Shepard ; traducción de Isabel Gortázar, Juan Ramón Azaola
250 _aSegunda edición
300 _a352 páginas
_bilustraciones
_c24 cm
490 0 _aAvatares
505 0 _aWinny de Puh ; En el cual conocemos a Winny de Puh y a unas abejas ; En el cual Puh va de visita y se encuentra en un aprieto ; En el cual Puh y Porquete salen a cazar y casi atrapan un Frusbo ; En el cual Iiyoo pierde un rabo y Puh lo encuentra
650 1 4 _aLiteratura infantil inglesa
_ySiglo XX
_2LEMB
650 1 4 _aCuentos infantiles ingleses
_ySiglo XX
_2LEMB
650 1 4 _aOsos
_vCuentos infantiles
_2LEMB
700 1 _aShepard, Ernest
_dilustrador
700 1 _aGortázar, Isabel
_etraductor
700 1 _aAzaola, Juan Ramón
_etraductor
942 _2loc
_cBKINF
264 _aMadrid
_bValdemar
_c2001
336 _atexto
_btxt
_2rdacontent
337 _asin mediación
_bn
_2rdamedia
338 _avolumen
_bnc
_2rdacarrier
040 _aCO-BoRNBP
_bspa
_erda
_cCO-BoRNBP
084 _aC MIL6
999 _c1123
_d1123